<?xml version="1.0" encoding="UTF-8"?>
<record
    xmlns:xsi="http://www.w3.org/2001/XMLSchema-instance"
    xsi:schemaLocation="http://www.loc.gov/MARC21/slim http://www.loc.gov/standards/marcxml/schema/MARC21slim.xsd"
    xmlns="http://www.loc.gov/MARC21/slim">

  <leader>01258nam a22001697a 4500</leader>
  <controlfield tag="003">SGT</controlfield>
  <datafield tag="020" ind1=" " ind2=" ">
    <subfield code="a">9781259097430</subfield>
  </datafield>
  <datafield tag="082" ind1=" " ind2=" ">
    <subfield code="a">658.4</subfield>
  </datafield>
  <datafield tag="100" ind1=" " ind2=" ">
    <subfield code="a">LUTHANS, FRED</subfield>
  </datafield>
  <datafield tag="245" ind1=" " ind2=" ">
    <subfield code="a">ORGANIZATIONAL BEHAVIOR </subfield>
  </datafield>
  <datafield tag="250" ind1=" " ind2=" ">
    <subfield code="a">12TH</subfield>
  </datafield>
  <datafield tag="260" ind1=" " ind2=" ">
    <subfield code="a">NEW DELHI </subfield>
    <subfield code="b">TMH</subfield>
    <subfield code="c">2013</subfield>
  </datafield>
  <datafield tag="300" ind1=" " ind2=" ">
    <subfield code="a">574</subfield>
  </datafield>
  <datafield tag="650" ind1=" " ind2=" ">
    <subfield code="a">MANAGEMENT</subfield>
  </datafield>
  <datafield tag="653" ind1=" " ind2=" ">
    <subfield code="a">PART ONE: ENVIRONMENTAL AND ORGANIZATIONAL CONTENT CHAPTER 1 INTRODUCTION TO ORGANIZATIONAL BEHAVIOR: AN EVIDENCE-BASED APPROACH CHAPTER 2 ENVIRONMENTAL CONTEXT: GLOBALIZATION, DIVERSITY, AND ETHICS CHAPTER 3 ORGANIZATIONAL CONTEXT: DESIGN AND CULTURE CHAPTER 4 ORGANIZATIONAL CONTEXT: REWARD SYSTEMS PART TWO: COGNITIVE PROCESSES OF ORGANIZATIONAL BEHAVIOR CHAPTER 5 PERSONALITY, PERCEPTION, AND EMPLOYEE ATTITUDES CHAPTER 6 MOTIVATIONAL NEEDS, PROCESSES, AND APPLICATIONS CHAPTER 7 POSITIVE ORGANIZATIONAL BEHAVIOR AND PSYCHOLOGICAL CAPITAL PART THREE: DYNAMICS OF ORGANIZATIONAL BEHAVIOR CHAPTER 8 COMMUNICATION AND DECISION MAKING CHAPTER 9 STRESS AND CONFLICT CHAPTER 10 POWER AND POLITICS CHAPTER 11 GROUPS AND TEAMS PART FOUR: MANAGING AND LEADING FOR HIGH PERFORMANCE CHAPTER 12 BEHAVIORAL PERFORMANCE MANAGEMENT CHAPTER 13 EFFECTIVE LEADERSHIP PROCESSES CHAPTER 14 GREAT LEADERS: AN EVIDENCE-BASED APPROACH</subfield>
  </datafield>
  <datafield tag="942" ind1=" " ind2=" ">
    <subfield code="2">ddc</subfield>
    <subfield code="c">FCM</subfield>
    <subfield code="0">9</subfield>
  </datafield>
  <datafield tag="952" ind1=" " ind2=" ">
    <subfield code="0">0</subfield>
    <subfield code="1">0</subfield>
    <subfield code="2">ddc</subfield>
    <subfield code="4">0</subfield>
    <subfield code="7">0</subfield>
    <subfield code="8">CM</subfield>
    <subfield code="a">SSSL</subfield>
    <subfield code="b">SSSL</subfield>
    <subfield code="c">TXT</subfield>
    <subfield code="d">2016-06-03</subfield>
    <subfield code="e">KIRTI PRKASHAN</subfield>
    <subfield code="g">675.00</subfield>
    <subfield code="i">SGTU</subfield>
    <subfield code="l">11</subfield>
    <subfield code="o">658.4</subfield>
    <subfield code="p">CM687</subfield>
    <subfield code="r">2024-04-19 00:00:00</subfield>
    <subfield code="s">2024-04-05</subfield>
    <subfield code="w">0000-00-00</subfield>
    <subfield code="y">FCM</subfield>
    <subfield code="k">2365</subfield>
  </datafield>
  <datafield tag="952" ind1=" " ind2=" ">
    <subfield code="0">0</subfield>
    <subfield code="1">0</subfield>
    <subfield code="2">ddc</subfield>
    <subfield code="4">0</subfield>
    <subfield code="7">0</subfield>
    <subfield code="8">CM</subfield>
    <subfield code="a">SSSL</subfield>
    <subfield code="b">SSSL</subfield>
    <subfield code="c">TXT</subfield>
    <subfield code="d">2016-06-03</subfield>
    <subfield code="e">KIRTI PRKASHAN</subfield>
    <subfield code="g">675.00</subfield>
    <subfield code="i">SGTU</subfield>
    <subfield code="l">22</subfield>
    <subfield code="o">658.4</subfield>
    <subfield code="p">CM688</subfield>
    <subfield code="r">2024-07-03 00:00:00</subfield>
    <subfield code="s">2024-07-03</subfield>
    <subfield code="w">0000-00-00</subfield>
    <subfield code="y">FCM</subfield>
    <subfield code="k">2365</subfield>
  </datafield>
  <datafield tag="999" ind1=" " ind2=" ">
    <subfield code="c">8939</subfield>
    <subfield code="d">8939</subfield>
  </datafield>
</record>
